| 000 | 00000nam 2200000za 4500 |
| 001 | 9.822536 |
| 003 | CaOODSP |
| 005 | 20221107143711 |
| 007 | cr ||||||||||| |
| 008 | 160812s2006 quc |o f|0| 0 eng d |
| 040 | |aCaOODSP|beng |
| 043 | |an-cn--- |
| 086 | 1 |aCH6-52/2006E-PDF |
| 110 | 1 |aCanada. |bCanadian Heritage. |
| 245 | 10|aAudit of the Celebration, Commemoration and Learning Program |h[electronic resource] : |bpreliminary report / |cDepartment of Canadian Heritage, Corporate Review Branch. |
| 260 | |a[Gatineau, Que.] : |bCanadian Heritage, |c2006. |
| 300 | |a30 p. : |bgraph, tables. |
| 500 | |aIssued also in French under title: Verification du Programme de la celebration, de la commeration et de l'apprentissage : rapport preliminaire. |
| 500 | |a"January 25, 2006." |
| 520 | |aThe audit of the Celebration Commemoration and Learning Program covered the fiscal year ending March 31, 2004, and had the following objectives: • Compliance with the Treasury Board policy on transfer payments, the Financial Administration Act, departmental policies, and the terms and conditions of the program and grant and contribution agreements • Evaluation of the program management and control frameworks • Effectiveness and economy in program management • Program-related risk analysis, evaluation, and management • Identification of best practices ... |
| 692 | 07|2gccst|aAudit |
| 692 | 07|2gccst|aFederal programs |
| 710 | 1 |aCanada.|bCanadian Heritage.|bCorporate Review Branch. |
| 775 | 08|tVérification du Programme de la célébration, de la commération [sic] et de l'apprentissage |w(CaOODSP)9.822539 |
| 856 | 40|qPDF|s327 KB|uhttps://publications.gc.ca/collections/collection_2016/pch/CH6-52-2006-eng.pdf |